| 000 | 00693nam a2200205 a 4500 | ||
|---|---|---|---|
| 005 | 20240925064159.0 | ||
| 008 | 991125s1977 bue 000 0 spa u | ||
| 035 | _aUPN01000030284 | ||
| 049 | _aCG | ||
| 050 | 4 |
_aBF721 _bW4.38 |
|
| 100 | 1 |
_aWeiner, Irving B. _929502 |
|
| 245 | 1 | 0 |
_aInfancia y adolescencia : _bdesarrollo normal / _cIrving B. Weiner y David Elkind ; tr. Marta L. de Fernández. |
| 260 |
_aBuenos Aires : _bPaidós, _c1977. |
||
| 300 | _a148 p. | ||
| 440 | 0 |
_aBiblioteca de grandes tratados Paidós. _pPsicología ; _v4 |
|
| 650 | 4 |
_aPsicología del adolescente _91013 |
|
| 650 | 4 |
_aNiño, Estudio del _9221 |
|
| 700 | 1 |
_aElkind, David, _d1931- _ecoaut. _931876 |
|
| 905 | _aLibro | ||
| 999 |
_c30284 _d30284 |
||